Basic Electrical and Electronics Engineering: (Record no. 183293)

MARC details
000 -LEADER
fixed length control field 00632 a2200181 4500
005 - DATE AND TIME OF LATEST TRANSACTION
control field 20211222123602.0
010 ## - LCCN (DPL NO)
LC control number ENG-130488
020 ## - INTERNATIONAL STANDARD BOOK NUMBER
International Standard Book Number 978-93-89691-80-1
Terms of availability 315.00
035 ## - SYSTEM CONTROL NUMBER
System control number EN-114020
037 ## - SOURCE OF ACQUISITION
Source of stock number/acquisition DBAD/PUB
082 ## - DEWEY DECIMAL CLASSIFICATION NUMBER
Classification number 621.3
Item number 1
100 ## - MAIN ENTRY--PERSONAL NAME
Personal name Salivahanan ,S
245 ## - TITLE STATEMENT
Title Basic Electrical and Electronics Engineering:
Statement of responsibility, etc S Salivahanan, R Rengaraj, G R Venkatakrishnan
260 ## - PUBLICATION, DISTRIBUTION, ETC. (IMPRINT)
Place of publication, distribution, etc Chennai
Name of publisher, distributor, etc McGraw Hill Education Private Limited
Date of publication, distribution, etc 2020
270 ## - ADDRESS
Address 441/1,Sri Ekambara Naicker Industrial Estate, Alapakkam Porur
City Chennai
Postal code 600116
300 ## - PHYSICAL DESCRIPTION
Extent 346p.
Dimensions 24cm (pbk)
942 ## - ADDED ENTRY ELEMENTS (KOHA)
Institution code [OBSOLETE] dpl
Item type English Books
Source of classification or shelving scheme Dewey Decimal Classification
Classification part 621.3
Call number suffix SAL
Holdings
Withdrawn status Lost status Not for loan Collection code Home library Current library Date acquired Source of acquisition Cost, normal purchase price Full call number Barcode Copy number Cost, replacement price Koha item type
      Non-fiction Central Library Central Library 22/12/2021 DBAB/PUB 315.00 621.3 SAL EN-114020 1 315.00 English Books

© Delhi Public Library
Hit Counter
free hit counter